000 00389nam a2200157Ia 4500
008 230917s9999||||xx |||||||||||||| ||und||
020 _cPON3.75
040 _e25360
_aMAIN
041 _aEnglish
082 _a301.045 G328F
100 _aGerth, H H
245 0 _aFrom Max Weber essays in sociology
260 _aLondon
_bRoutledge & Kegan Paul
_c1974
300 _a490 p.
942 _cBK
999 _c204589
_d204589